01015nam a2200241 i 4500003000900000005001700009007000300026008004100029040003000070082001900100110009700119245006700216246005600283264004400339300005700383336002700440337003400467338002800501590002700529942001400556952018600570999001700756DO-SdBNP20250205115325.0ta230814t1989 dr ad||| |||| 00| 0 spa d aDO-SdBNPbspacBNPHUerda 4axxxbR426p2221 aRepública Dominicana.bSecretaría de Estado de Educación, Bellas Artes y Cultos923965 aPrograma de primer grado integrado educación básica 1989/ 14aEducación básica :bprimer grado integrado 1989 4aSanto Domingo :bEditora Taller,c1989. a138 páginas :bIlustraciones, gráficas ;c28 cm. atextobtxt2rdacontent asin mediaciónbnc2rdamedia avolumenbnc2rdacarrier aInventariado 2023 / MF 2ddccLBS1 00102ddc51708PDaBNPHUbBNPHUcCTd2014-08-14eDonaciónl0oBNPHU PD R426pp2023-5341r2023-08-14w2023-08-14yLBS1zPerteneció a la biblioteca personal de Bárbara Suncar. c54403d54403